Podpora obnovy vesnic v Dolním Rakousku.

Organizácia obnovy obcí v Dolnom Rakúsku za spoluúčasti občanov a možnosti čerpania prostriedkov z investičných fondov. Popis možností podpôr pre akcie vo všetkých dedinách (vypracovanie plánu obnovy obce, úvodný projekt, následná starostlivosť plánovača obnovy vidieka), realizácia plánu obnovy, pod...

Descrizione completa

Salvato in:
Dettagli Bibliografici
Autore principale: Culek, M.
Natura: Capitolo di libro
Lingua:ceco
Soggetti:
Tags: Aggiungi Tag
Nessun Tag, puoi essere il primo ad aggiungerne!!

MARC

LEADER 00000naa a2200000 4500
001 r002693
005 20220819175641.9
041 0 |a cze 
044 |a [CS] 
245 1 0 |a Podpora obnovy vesnic v Dolním Rakousku.  |c M. Culek 
520 |a Organizácia obnovy obcí v Dolnom Rakúsku za spoluúčasti občanov a možnosti čerpania prostriedkov z investičných fondov. Popis možností podpôr pre akcie vo všetkých dedinách (vypracovanie plánu obnovy obce, úvodný projekt, následná starostlivosť plánovača obnovy vidieka), realizácia plánu obnovy, podpora obytných stavieb, kultúrnych akcií a podpora poľnohospodárskym budovám, reštaurovanie malých pamiatok. 
610 2 0 |a vidiek 
610 2 0 |a Rakúsko 
610 2 0 |a pamiatky 
610 2 0 |a investície 
610 2 0 |a budovy 
610 2 0 |a plán územný 
610 2 0 |a podpory 
100 1 |a Culek, M.